000 00555nmm a2200193Ia 4500
008 251105s9999||||xx |||||||||||||||||und||
020 _a9789681662394
041 _aspa
100 _aThapar, Romila
245 0 _aHistoria de la India, I
264 _a[México D.C., Mexico] :
_bFondo de Cultura Económica,
_c2014
300 _a560 páginas
490 _aBreviarios
650 _aHistory of Asia
700 _aThapar, Romila
700 1 _a González de la Lama, Horacio
856 _uhttps://public.digitaliapublishing.com/a/43564
942 _cCF
999 _c71919
_d71919